Catálogo
 En Linea

Los milenios del tercer mundo / (Registro nro. 27462)

Detalles MARC
000 -CABECERA
campo de control de longitud fija 00468nam a2200145 a 4500
001 - NÚMERO DE CONTROL
campo de control 000027970
005 - FECHA Y HORA DE LA ÚLTIMA TRANSACCIÓN
campo de control 20200930031237.0
008 - DATOS DE LONGITUD FIJA--INFORMACIÓN GENERAL
campo de control de longitud fija 110406s1946 dr 000 p spa d
040 ## - FUENTE DE LA CATALOGACIÓN
Centro catalogador/agencia de origen DO-SdBNP
Lengua de catalogación spa
Centro/agencia transcriptor BNPHU
049 ## - FONDOS LOCALES (OCLC)
Fondos de biblioteca BNPD
100 1# - ENTRADA PRINCIPAL--NOMBRE DE PERSONA
Nombre de persona Moreno Jimenes, Domingo,
Fechas asociadas al nombre 1894-1986
9 (RLIN) 19534
245 14 - MENCIÓN DE TÍTULO
Título Los milenios del tercer mundo /
Mención de responsabilidad, etc. Domingo Moreno Jimenes.
260 ## - PUBLICACIÓN, DISTRIBUCIÓN, ETC.
Lugar de publicación, distribución, etc. Ciudad Trujillo, República Dominicana :
Nombre del editor, distribuidor, etc. Librería Dominicana,
Fecha de publicación, distribución, etc. 1946.
300 ## - DESCRIPCIÓN FÍSICA
Extensión 14 p. ;
Dimensiones 14 cm.
Existencias
Estado de retiro Estado de pérdida Restricciones de uso No para préstamo Código de colección Localización permanente Ubicación/localización actual Ubicación en estantería Fecha de adquisición Número de inventario Total de préstamos Signatura topográfica completa Código de barras Fecha visto por última vez Precio válido a partir de Tipo de ítem Koha
      Excluido de préstamo Raros y valiosos Patrimonio Dominicano Patrimonio Dominicano Depósito 06.04.2011 LF1   27970-10 25.06.2020 25.06.2020 No se presta

Con tecnología Koha